Los E.E.U.U. de Norteamérica (Record no. 61180)

MARC details
000 -LEADER
campo de control de longitud fija 00628nam a2200169 i 4500
001 - NÚMERO DE CONTROL
campo de control 61180
003 - IDENTIFICADOR DE NÚMERO DE CONTROL
campo de control ES-MaACL
005 - FECHA Y HORA DE LA ÚLTIMA TRANSACCIÓN
campo de control 20230906164406.0
007 - CAMPO FIJO DE DESCRIPCIÓN FÍSICA--INFORMACIÓN GENERAL
campo de control de longitud fija t|
008 - DATOS DE LONGITUD FIJA--INFORMACIÓN GENERAL
campo de control de longitud fija 031111s1952 sp ||||1| spa d
245 04 - MENCIÓN DEL TÍTULO
Título Los E.E.U.U. de Norteamérica
Resto del título : una revolución permanente /
Mención de responsabilidad, etc. por los redactores de la Revista Fortune ; con la colaboración de Russel W. Davenport ; traducido del inglés por Pedro Bravo Gala.
260 ## - PUBLICACIÓN, DISTRIBUCIÓN, ETC.
Lugar de publicación, distribución, etc. Madrid :
Nombre del editor, distribuidor, etc. Aguilar,
Fecha de publicación, distribución, etc. [1952] (
Fabricante Halar)
300 ## - DESCRIPCIÓN FÍSICA
Extensión XVI, 234 p. ;
Dimensiones 22 cm.
700 1# - ENTRADA AGREGADA--NOMBRE PERSONAL
Nombre de persona Davenport, Russel W.
9 (RLIN) 42862
700 1# - ENTRADA AGREGADA--NOMBRE PERSONAL
Nombre de persona Bravo Gala, Pedro.
9 (RLIN) 31483
852 ## - LOCALIZACIÓN
Ubicación ES-MaACL
Número de control de estantería D-9120
Sublocalización o colección R.33274
Holdings
Estatus retirado Estado de pérdida Estado de daño No para préstamo Biblioteca de origen Biblioteca actual Ubicación en estantería Fecha de adquisición Fuente de adquisición Total de préstamos Signatura topográfica completa Código de barras Visto por última vez Precio de reemplazo Tipo de ítem Koha
        Biblioteca del Ateneo de Madrid Biblioteca del Ateneo de Madrid Sala Valle Inclán 17/01/2008     D-9120 901064156 23/02/2023 23/02/2023 Libro impreso